Statistics for Yugioh Card Booster Pack Covers

Click here to take the quiz!

General Stats

  • This quiz has been taken 217 times
    (214 since last reset)
  • The average score is 7 of 27

Answer Stats

PackCard% Correct
Legend of Blue Eyes White DragonBlue Eyes White Dragon
97%
Cybernetic RevolutionCyber End Dragon
45%
Invasion of ChaosDark Magician of Chaos
42%
Magic Ruler (Spell Ruler)Relinquished
37%
The Lost MilleniumAncient Gear Golem
34%
Cyberdark ImpactCyberdark Dragon
34%
Tactical EvolutionRainbow Dragon
34%
Light of DestructionHonest
31%
Elemental EnergyElemental Hero Shining Flare Wingman
29%
Metal RaidersB. Skull Dragon
28%
Strike of NeosElemental Hero Air Neos
28%
Phantom DarknessYubel the Ultimate Nightmare
26%
Magician's ForceDark Paladin
25%
Power of the DuelistElemental Hero Dark Neos
23%
Rise of DestinyThe Creator
23%
Dark CrisisExodia Necross
20%
Force of the BreakerVolcanic Doomfire
20%
Shadow of InfinityRaviel Lord of Phantasms
19%
Pharaoh's ServantThousand Eyes Restrict
19%
Soul of the DuelistHorus the Black Flame Dragon Lvl 8
18%
Gladiator's AssaultElemental Hero Chaos Neos
16%
Enemy of JusticeElemental Hero Shining Phoenix Enforcer
15%
Flaming EternitySacred Phoenix of Nephthys
15%
Ancient SanctuaryArchlord Zerato
9%
Pharonic GuardianHelpoemer
9%
Labyrinth of NightmareMask of Restrict
8%
Legacy of DarknessLast Turn
6%

Score Distribution

Percentile by Number Answered

Percent of People with Each Score

Your Score History

You have not taken this quiz since the last reset